Чешско-русский математический словарь: около 8000 терминов

Podrobná bibliografie
Další autoři: Кольман Э. Я. Эрнест Яромирович (составитель)
Jazyk:čeština
ruština
Vydáno: Москва, Советская энциклопедия, 1971
Témata:
Médium: MixedMaterials Kniha
KOHA link:https://koha.lib.tpu.ru/cgi-bin/koha/opac-detail.pl?biblionumber=203619

MARC

LEADER 00000nam0a2200000 4500
001 203619
005 20231031185657.0
035 |a (RuTPU)RU\TPU\book\221909 
090 |a 203619 
100 |a 20111109d1971 m y0rusy50 ca 
101 0 |a cze  |a rus 
102 |a RU 
105 |a y e 001zy 
200 1 |a Чешско-русский математический словарь  |e около 8000 терминов  |f сост. Э. Я. Кольман 
210 |a Москва  |c Советская энциклопедия  |d 1971 
215 |a 237 с. 
320 |a Указатель русских терминов: с. 167-237. 
610 1 |a терминологические словари 
610 1 |a чешско-русские словари 
610 1 |a математика 
675 |a 491(03)  |v 3 
675 |a 51(03)  |v 3 
702 1 |a Кольман  |b Э. Я.  |g Эрнест Яромирович  |4 220 
801 1 |a RU  |b 63413507  |c 20111109 
801 2 |a RU  |b 63413507  |c 20131126  |g RCR 
942 |c BK